<?xml version="1.0" encoding="UTF-8"?>
<record
    xmlns:xsi="http://www.w3.org/2001/XMLSchema-instance"
    xsi:schemaLocation="http://www.loc.gov/MARC21/slim http://www.loc.gov/standards/marcxml/schema/MARC21slim.xsd"
    xmlns="http://www.loc.gov/MARC21/slim">

  <leader>00951cam a22002171  4500</leader>
  <controlfield tag="001">ne 68004875 </controlfield>
  <controlfield tag="003">DLC</controlfield>
  <controlfield tag="005">20260227111852.0</controlfield>
  <controlfield tag="008">900503s1966    ua a     c    000 0 arar </controlfield>
  <datafield tag="010" ind1=" " ind2=" ">
    <subfield code="a">ne 68004875 </subfield>
  </datafield>
  <datafield tag="025" ind1=" " ind2=" ">
    <subfield code="a">PL480:UAR-8951</subfield>
  </datafield>
  <datafield tag="035" ind1=" " ind2=" ">
    <subfield code="a">(OCoLC)21476884</subfield>
  </datafield>
  <datafield tag="040" ind1=" " ind2=" ">
    <subfield code="a">DLC</subfield>
    <subfield code="c">WaU</subfield>
    <subfield code="d">DLC</subfield>
  </datafield>
  <datafield tag="050" ind1="0" ind2="0">
    <subfield code="a">N7381</subfield>
    <subfield code="b">.R3</subfield>
  </datafield>
  <datafield tag="110" ind1="2" ind2=" ">
    <subfield code="a">R&#x101;bi&#x1E6D;at Khirr&#x12B;j&#x12B; Ma&#x2BB;&#x101;hid wa-Kull&#x12B;y&#x101;t al-Tarbiyah bi-al-Q&#x101;hirah.</subfield>
  </datafield>
  <datafield tag="245" ind1="1" ind2="0">
    <subfield code="a">Ma&#x2BB;rid al-fun&#x16B;n al-tashk&#x12B;l&#x12B;yah,</subfield>
    <subfield code="b">1965, alladh&#x12B; iftat&#x1E25;ahu al-Sayyid al-Dukt&#x16B;r Mu&#x1E25;ammad &#x2BB;Abd al-Q&#x101;dir &#x1E24;atim Na&#x2BC;ib Ra&#x2BC;&#x12B;s al-Wuzar&#x101;&#x2BC; lil-lil-Thaq&#x101;fah wa-al-Irsh&#x101;d al-Qawm&#x12B;, &#x1E62;&#x101;lat al-Fun&#x16B;n al-Jam&#x12B;lah, B&#x101;b al-L&#x16B;q, al-Q&#x101;hirah f&#x12B; al-muddah min 30/8/1965 ila 7/9/1965.</subfield>
  </datafield>
  <datafield tag="260" ind1=" " ind2=" ">
    <subfield code="a">[al-Q&#x101;hirah,</subfield>
    <subfield code="c">1966]</subfield>
  </datafield>
  <datafield tag="300" ind1=" " ind2=" ">
    <subfield code="a">30 p.</subfield>
    <subfield code="b">illus.</subfield>
    <subfield code="c">24 cm.</subfield>
  </datafield>
  <datafield tag="500" ind1=" " ind2=" ">
    <subfield code="a">At head of title: R&#x101;bi&#x1E6D;at Khirr&#x12B;j&#x12B; Ma&#x2BB;&#x101;hid wa-Kull&#x12B;y&#x101;t al-Tarb&#x12B;yah.</subfield>
  </datafield>
  <datafield tag="650" ind1=" " ind2="0">
    <subfield code="a">Art, Egyptian</subfield>
    <subfield code="y">20th century</subfield>
    <subfield code="v">Exhibitions.</subfield>
  </datafield>
  <datafield tag="999" ind1=" " ind2=" ">
    <subfield code="c">51180</subfield>
    <subfield code="d">51180</subfield>
  </datafield>
</record>
